Normal view
MARC view
- Rodríguez Cabrera, Josep M.
Entry Nombre Personal
001 - NUMERO DE CONTROL
- campo de control: 50864
003 - IDENTIFICADOR DE NUMERO DE CONTROL
- campo de control: UPN
005 - FECHA Y HORA DE LA ÜLTIMA TRANSACCIÓN
- campo de control: 20240305102958.0
008 - DATOS DE LONGITUD FIJA
- campo de control de longitud fija: 240124|| acz||aabn | a|a d
024 ## - OTROS IDENTIFICADORES NORMALIZADOS
- Fuente: orcid
- Número normalizado o código: https://orcid.org/0000-0001-8386-9892
040 ## - FUENTE DE CATALOGACIÓN
- Agencia original de catalogación: MX-MxUPN
100 1# - ENCABEZAMIENTO - NOMBRE PERSONAL
- Nombre personal: Rodríguez Cabrera, Josep M.
370 ## - LUGAR ASOCIADO
- Place of birth: España
371 ## - DIRECCIÓN
- Electronic mail address: josepmaria.rodriguez@udl.cat
372 ## - CAMPO DE ACTIVIDAD
- Field of activity: Ciencias de la educación, ingeniería
- Field of activity: Docencia
373 ## - GRUPO ASOCIADO
- Associated group: Universitat de Lleida
374 ## - OCUPACIÓN
- Occupation: Ingeniero
- Occupation: Profesor universitario
400 1# - VEÁSE - NOMBRE DE PERSONA
- Personal name: Rodríguez, Josep M.
670 ## - FUENTE EN LA QUE SE LOCALIZARON DATOS
- Cita de la fuente: En recurso en línea: Contextos educativos : revista de educación. No. 32 (2023):
- Información localizada: página 147 (Josep M. Rodríguez Cabrera)
- Uniform Resource Identifier: https://publicaciones.unirioja.es/ojs/index.php/contextos/article/view/5688/4142
902 ## - CATALOGADOR
- Catalogador: RGJD/240124
